Central Library OPAC University of Rajshahi

The image of India in western creative writing / (Record no. 21167)

MARC details
000 -LEADER
fixed length control field 01269nam a2200337 4500
001 - CONTROL NUMBER
control field 21167
003 - CONTROL NUMBER IDENTIFIER
rucl marc code BD-RjUL
005 - DATE AND TIME OF LATEST TRANSACTION
control field 20211209000645.0
008 - FIXED-LENGTH DATA ELEMENTS--GENERAL INFORMATION
fixed length control field 140303s1971 ii b 000 0 eng
035 ## - SYSTEM CONTROL NUMBER
System control number (BD-RjUL)21231
040 ## - CATALOGING SOURCE
Original cataloging agency DLC
Transcribing agency DLC
Modifying agency BD-RjUL
Language of cataloging eng
041 ## - LANGUAGE CODE
Language code of text/sound track or separate title eng
082 00 - DEWEY DECIMAL CLASSIFICATION NUMBER
Classification number 820.932
Author mark and year IMA 1971
245 04 - TITLE STATEMENT
Title The image of India in western creative writing /
Statement of responsibility, etc. Edited by M. K. Naik.
260 ## - PUBLICATION, DISTRIBUTION, ETC. (IMPRINT)
Place of publication, distribution, etc. Dharwar :
Name of publisher, distributor, etc. Karnatak University & Macmillan, Madras,
Date of publication, distribution, etc. 1971.
300 ## - PHYSICAL DESCRIPTION
Pagination 404 p.
Size 22 cm.
500 ## - GENERAL NOTE
General note Companion volume to Critical essays on Indian writing in English, published by the Dept. of English, Karnatak University.
504 ## - BIBLIOGRAPHY, ETC. NOTE
Bibliography, etc Includes bibliographical references.
650 #0 - SUBJECT ADDED ENTRY--TOPICAL TERM
Topical term or geographic name as entry element English literature
General subdivision History and criticism.
9 (RLIN) 65410
Topical term or geographic name as entry element American literature
General subdivision History and criticism.
9 (RLIN) 65411
Topical term or geographic name as entry element Anglo-Indian literature
General subdivision History and criticism.
9 (RLIN) 65412
Topical term or geographic name as entry element American literature
General subdivision Indic influences.
9 (RLIN) 65413
Topical term or geographic name as entry element English literature
General subdivision Indic influences.
9 (RLIN) 65414
651 #0 - SUBJECT ADDED ENTRY--GEOGRAPHIC NAME
Geographic name India
General subdivision In literature.
9 (RLIN) 47718
700 1# - ADDED ENTRY--PERSONAL NAME
Personal name Naik, M. K.,
Relator term ed.
Personal name Desai, S. K.,
Dates associated with a name 1929-
Personal name Kallapur, S. T.,
Relator term ed.
942 ## - ADDED ENTRY ELEMENTS (KOHA)
Source of classification or shelving scheme Dewey Decimal Classification
Koha item type Books
Holdings
Lost status Source of classification or shelving scheme Damaged status Not for loan Collection code Permanent Location Current Location Shelving location Date acquired Source of acquisition Total Checkouts Full call number Date last seen Copy number Koha item type
  Dewey Decimal Classification   Added to bundle Non-fiction Central Library, University of Rajshahi Central Library, University of Rajshahi Reading Room 15/08/1973 Paragon Enterprises   820.932 IMA 1971 03/03/2014 C-1 Books